Detekcia ionizujúceho žiarenia a jeho využitie v materiálovom výskume
Saved in:
| Main Author: | |
|---|---|
| Other Authors: | |
| Format: | Manuscript Book |
| Language: | Slovak |
| Published: |
Bratislava :
STU v Bratislave FEI,
2023
|
| Subjects: | |
| Online Access: | https://opac.crzp.sk/?fn=detailBiblioFormChildG46DC&sid=ACFB8EE4E9848345284CB106A168&seo=CRZP-detail-kniha |
| Tags: |
No Tags, Be the first to tag this record!
|
MARC
| LEADER | 00000ntm a22000003a 4500 | ||
|---|---|---|---|
| 001 | stuzp100948 | ||
| 003 | SK-STU | ||
| 005 | 20250116104609.8 | ||
| 007 | ta | ||
| 008 | 150427s2015----xo-----f-mn---000-0-slo-d | ||
| 040 | |a STU |b slo | ||
| 041 | 0 | |a slo | |
| 044 | |a xo | ||
| 100 | 1 | |a Sedlačková, Katarína |u 030690 |k Z1 |4 aut |U FEI Fakulta elektrotechniky a informatiky |T FEI Stredisko pre projekty a spoluprácu s praxou |X 45198 |U 030690 |Y 387 |7 A000045198 | |
| 242 | 0 | 1 | |a DETECTIN OF IONIZING RADIATION AND ITS USE IN MATERIALS RESEARCH |y eng |
| 245 | 1 | 0 | |a Detekcia ionizujúceho žiarenia a jeho využitie v materiálovom výskume |
| 260 | |a Bratislava : | ||
| 260 | |b STU v Bratislave FEI, | ||
| 260 | |c 2023 | ||
| 300 | |a 172 s. | ||
| 650 | 4 | |a Mössbauerova spektrometria |2 slo | |
| 650 | 4 | |a MCNPX |2 slo | |
| 650 | 4 | |a Polovodičové detektory |2 slo | |
| 650 | 4 | |a Mössbauer spectrometry |2 eng | |
| 650 | 4 | |a Semiconductor detectors |2 eng | |
| 650 | 4 | |a MCNPX |2 eng | |
| 700 | 1 | |a , |4 ths |X null |7 null | |
| 856 | 4 | |u https://opac.crzp.sk/?fn=detailBiblioFormChildG46DC&sid=ACFB8EE4E9848345284CB106A168&seo=CRZP-detail-kniha | |
| 996 | |b 284ED01699 |c E*ZP- 624 |l EE01 |s A |a 24 |w stuzp100948_0001 | ||